Labyrinthe - niveau facile #1 - Statistiques

Statistiques générales
  • Ce quiz a été pris 2 460 fois
  • Le résultat moyen est 41 sur 59
Réponses sur la Carte
Les réponses sont colorées sur une échelle allant du rouge au vert en fonction du pourcentage des utilisateurs qui les ont devinées à leur premier essai. Vous pouvez retrouver ces pourcentages ci-dessous.
 
Statistiques - réponses
Réponse % Correct
s
93%
d
91%
d
90%
s
89%
s
89%
s
89%
d
87%
w
85%
w
85%
d
82%
d
82%
d
81%
s
80%
a
79%
a
78%
d
77%
s
77%
d
76%
s
76%
a
75%
a
75%
s
74%
s
73%
d
72%
d
72%
d
71%
s
71%
a
70%
s
70%
s
69%
s
68%
a
67%
w
65%
w
63%
w
63%
a
62%
a
62%
w
62%
a
61%
a
60%
w
60%
d
59%
s
59%
s
59%
a
58%
a
58%
s
58%
a
57%
s
57%
s
56%
s
56%
s
56%
a
55%
s
55%
s
55%
d
54%
d
54%
s
54%
w
53%
Aucun quiz correspondant
Distribution des résultats
% des personnes avec chaque résultat
Percentile par nombre de réponses
Votre historique - résultats
Vous n’avez pas pris ce quiz